|
|
|
|
| LEADER |
00771nab a2200181 i 4500 |
| 001 |
acta33103 |
| 005 |
20210219134049.0 |
| 008 |
161017s2013 hu o 0|| hun d |
| 022 |
|
|
|a 2063-3734
|
| 040 |
|
|
|a SZTE Egyetemi Kiadványok Repozitórium
|b hun
|
| 041 |
|
|
|a hun
|
| 100 |
2 |
|
|a Jancsákné Majzik Andrea
|
| 245 |
1 |
0 |
|a „Holokauszt gyermekszemmel”
|h [elektronikus dokumentum] :
|b A holokauszt-emléknap köré szerveződő, videointerjúkra épülő művészeti projekt általános iskolai megvalósítása /
|c Jancsákné Majzik Andrea
|
| 260 |
|
|
|c 2013
|
| 300 |
|
|
|a 15-31
|
| 490 |
0 |
|
|a Módszertani közlemények
|v 53 No. 4
|
| 695 |
|
|
|a Neveléstudomány, Neveléstudomány
|
| 856 |
4 |
0 |
|u http://acta.bibl.u-szeged.hu/33103/1/modszertani_053_004_015-031.pdf
|z Dokumentum-elérés
|